000 00257nam a22001097a 4500
008 240712b |||||||| |||| 00| 0 eng d
100 _aHansraj, Harisingh
_916991
245 _aMomal Rano Mindaro
260 _bHamraj Sukhur;
300 _a140p.
942 _cBK
999 _c40188
_d40188